| 000 | 00575nam a22001817a 4500 | ||
|---|---|---|---|
| 999 |
_c195050 _d195050 |
||
| 005 | 20230213100929.0 | ||
| 010 | _aENG-136188 | ||
| 020 |
_a9789325976701 _c425.00 |
||
| 035 | _aEN-119720 | ||
| 037 | _bDBAD/PUB | ||
| 082 | _a338.5 | ||
| 100 | _aDwivedi, D N | ||
| 245 |
_aMicroeconomics: _bTheory And Applications/ _cby D N Dwivedi |
||
| 260 |
_aUttar Pradesh _bVikas Publishing House Pvt Ltd _c2016 |
||
| 270 |
_bNoida _aE-28, Sector-8 _e201301 _mhelpline@vikaspublishing.com |
||
| 300 |
_axvii, 651p. _bIndex _c18cm(pbk). |
||
| 942 |
_2ddc _cEN _h338.5 _mDWI |
||